Statistics for Superman (TV) - Taylor Swift (All Lyrics)

Click here to take the quiz!

General Stats

  • This quiz has been taken 11 times
  • The average score is 283 of 378

Answer Stats

Lyrics% Correct
a
100%
fly
100%
I
100%
"I
100%
Superman
100%
superman
100%
And
88%
and
88%
away
88%
away,
88%
back
88%
back,
88%
be,
88%
be
88%
day,
88%
day
88%
Go
88%
go
88%
got
88%
I'll
88%
save
88%
some
88%
the
88%
to
88%
To
88%
watch
88%
you
88%
you?"
88%
you,
88%
you"
88%
all
75%
around
75%
but
75%
But
75%
'Cause
75%
Come
75%
come
75%
dark,
75%
ever
75%
every
75%
first
75%
he
75%
He
75%
hear
75%
her
75%
here
75%
here,
75%
he's
75%
He's
75%
his
75%
in
75%
It's
75%
"Just
75%
la,
75%
La,
75%
la
75%
love
75%
loved
75%
me
75%
on
75%
say
75%
say,
75%
they
75%
with
75%
world
75%
world,
75%
You've
75%
about
63%
always
63%
are
63%
bad
63%
brown
63%
busy
63%
can't
63%
Don't
63%
don't
63%
down
63%
eyes,
63%
eyes
63%
fine"
63%
from
63%
girl
63%
ground
63%
him
63%
how
63%
"How
63%
if
63%
I'm
63%
knows
63%
leave,
63%
like
63%
much
63%
never
63%
not
63%
one
63%
out
63%
Right
63%
right
63%
same
63%
Tall,
63%
that
63%
thing
63%
today
63%
very
63%
was
63%
were
63%
When
63%
where
63%
word
63%
yeah
63%
Forever
50%
forever
50%
hang
50%
has
50%
hope
50%
miss
50%
okay
50%
or
50%
other
50%
places
50%
puts
50%
single
50%
smile
50%
someday
50%
Something
50%
take
50%
tell
50%
Wishing
50%
wishing
50%
wonder
50%
work
50%
you'll
50%
ambition
38%
beautiful
38%
briefcase
38%
card
38%
complicated,
38%
deep
38%
drives
38%
far
38%
father's
38%
flowers
38%
forget,
38%
forget
38%
irrational
38%
let
38%
looking
38%
mother's
38%
papers
38%
reputation
38%
call
25%
sayin'
25%
struck
25%
window
25%
swear,
13%

Score Distribution

Percentile by Number Answered

Percent of People with Each Score

Your Score History

You have not taken this quiz